• AIU
  • Tony Wilmot Memorial Library

Creative Bible learning for young children, birth - 5 years / (Record no. 26890)

MARC details
000 -LEADER
fixed length control field 00925nam a22002651a 4500
001 - CONTROL NUMBER
control field 7727799
005 - DATE AND TIME OF LATEST TRANSACTION
control field 20140103020002.0
008 - FIXED-LENGTH DATA ELEMENTS--GENERAL INFORMATION
fixed length control field 780830s1977 caua 000 0 eng d
020 ## - INTERNATIONAL STANDARD BOOK NUMBER
International Standard Book Number 0830704779
-- .95
035 ## - SYSTEM CONTROL NUMBER
System control number (OCoLC)ocm04179511
035 ## - SYSTEM CONTROL NUMBER
System control number (JUDdb)39457
040 ## - CATALOGING SOURCE
Original cataloging agency CBC
Transcribing agency CBC
Modifying agency JAN
-- JUDdb
100 1# - MAIN ENTRY--PERSONAL NAME
Personal name Harrell, Donna.
245 10 - TITLE STATEMENT
Title Creative Bible learning for young children, birth - 5 years /
Statement of responsibility, etc by Donna Harrell and Wesley Haystead.
260 ## - PUBLICATION, DISTRIBUTION, ETC. (IMPRINT)
Place of publication, distribution, etc Glendale, Calif. :
Name of publisher, distributor, etc International Center for Learning,
Date of publication, distribution, etc c1977.
300 ## - PHYSICAL DESCRIPTION
Extent 190 p. : ill. ; 20 cm.
490 1# - SERIES STATEMENT
Series statement ICL teacher's/leader's handbook
504 ## - BIBLIOGRAPHY, ETC. NOTE
Bibliography, etc Bibliography: p. 185-186.
630 00 - SUBJECT ADDED ENTRY--UNIFORM TITLE
Uniform title Bible
General subdivision study and teaching.
650 #0 - SUBJECT ADDED ENTRY--TOPICAL TERM
Topical term or geographic name as entry element Christian education of children.
650 #0 - SUBJECT ADDED ENTRY--TOPICAL TERM
Topical term or geographic name as entry element Religious education of children.
700 1# - ADDED ENTRY--PERSONAL NAME
Personal name Haystead, Wesley.
810 2# - SERIES ADDED ENTRY--CORPORATE NAME
Corporate name or jurisdiction name as entry element International Center for Learning.
Title of a work ICL teacher's/leader's handbook.
942 00 - ADDED ENTRY ELEMENTS (KOHA)
Koha issues (borrowed), all copies 4
Holdings
Withdrawn status Lost status Source of classification or shelving scheme Damaged status Not for loan Collection code Home library Current library Shelving location Date acquired Cost, normal purchase price Total Checkouts Total Renewals Full call number Barcode Date last seen Date checked out Copy number Price effective from Koha item type
    Library of Congress Classification     General Circulation AIU/NEGST - Tony Wilmot Memorial Library AIU/NEGST - Tony Wilmot Memorial Library General Stacks 01/06/2010 10.60 7 3 BV 1539.H377 1977 R20881X3232 02/08/2021 01/13/2021 1 01/06/2010 Books